[Event "Quebec-ch qual"]
[Site "Montreal"]
[Date "2019.02.03"]
[Round "4.9"]
[White "Navala, Anthony"]
[Black "Pelletier, Arnaud"]
[Result "1/2-1/2"]
[WhiteElo "1473"]
[BlackElo "1538"]
[PlyCount "70"]
[EventDate "2019.02.02"]
[EventType "swiss"]
[EventRounds "4"]
[EventCountry "CAN"]
[SourceTitle "EXT 2022"]
[Source "ChessBase"]
[SourceDate "2021.10.06"]
[SourceVersion "1"]
[SourceVersionDate "2021.10.06"]
[SourceQuality "1"]

1. d4 Nf6 2. c4 g6 3. Nc3 Bg7 4. e4 d6 5. Nf3 0-0 6. Be2 e5 7. d5 a5 8. 0-0 Na6 9. Be3 Nc5 10. Bxc5 dxc5 11. Qc2 Ne8 12. h3 Nd6 13. Bd3 f5 14. Nh2 Kh8 15. Qe2 b6 16. b3 fxe4 17. Nxe4 Bf5 18. Rad1 a4 19. Nf3 Nxe4 20. Bxe4 Bxe4 21. Qxe4 Rf4 22. Qe3 Qf6 23. Rfe1 Re8 24. Re2 Qf5 25. d6 Rd8 26. d7 Rxd7 27. Rxd7 Qxd7 28. Nxe5 Qd4 29. g3 Rf5 30. Nc6 Qd6 31. Qe8+ Rf8 32. Qe6 axb3 33. axb3 Qd1+ 34. Kg2 Qxb3 35. Ne5 Bxe5 1/2-1/2

[Event "Quebec-ch qual"]
[Site "Montreal"]
[Date "2019.02.03"]
[Round "3.9"]
[White "Perron, Bernard"]
[Black "Navala, Anthony"]
[Result "0-1"]
[WhiteElo "1211"]
[BlackElo "1473"]
[PlyCount "39"]
[EventDate "2019.02.02"]
[EventType "swiss"]
[EventRounds "4"]
[EventCountry "CAN"]
[SourceTitle "EXT 2022"]
[Source "ChessBase"]
[SourceDate "2021.10.06"]
[SourceVersion "1"]
[SourceVersionDate "2021.10.06"]
[SourceQuality "1"]

1. e4 e6 2. Nc3 d5 3. Bd3 Nf6 4. Qe2 d4 5. e5 dxc3 6. exf6 cxd2+ 7. Bxd2 Qxf6 8. 0-0-0 Bd7 9. Nf3 Nc6 10. Bg5 Nd4 11. Qe3 Nf5 12. Bxf5 Qxf5 13. Nd4 Qa5 14. Kb1 Bc5 15. Rd3 Bb5 16. Rc3 Bd7 17. Rd1 Bb6 18. g4 f5 19. Nxe6 Bxe3 20. Nxg7+ 0-1

[Event "Quebec-ch qual"]
[Site "Montreal"]
[Date "2019.02.02"]
[Round "1.7"]
[White "Tanaka, Taira Tyler"]
[Black "Navala, Anthony"]
[Result "1-0"]
[WhiteElo "2159"]
[BlackElo "1473"]
[PlyCount "81"]
[EventDate "2019.02.02"]
[EventType "swiss"]
[EventRounds "4"]
[EventCountry "CAN"]
[SourceTitle "EXT 2022"]
[Source "ChessBase"]
[SourceDate "2021.10.06"]
[SourceVersion "1"]
[SourceVersionDate "2021.10.06"]
[SourceQuality "1"]

1. e4 e6 2. d4 d5 3. Nd2 Nf6 4. e5 Nfd7 5. Bd3 c5 6. c3 Nc6 7. Ngf3 a6 8. 0-0 Qb6 9. a3 cxd4 10. cxd4 Nxd4 11. Nxd4 Qxd4 12. Nf3 Qb6 13. Qc2 Nc5 14. Be3 Bd7 15. b4 Rc8 16. bxc5 Bxc5 17. Bxc5 Rxc5 18. Qb1 Qxb1 19. Raxb1 b5 20. Rbc1 Rxc1 21. Rxc1 0-0 22. Rc7 Bc8 23. Kf1 Rd8 24. Ra7 Rd7 25. Rxd7 Bxd7 26. Ke2 Kf8 27. Kd2 Ke8 28. Kc3 Kd8 29. Kb4 Kc7 30. Kc5 h6 31. Nd4 Be8 32. f4 g6 33. g4 Bd7 34. h4 Bc8 35. Nf3 Kd7 36. Nh2 Ke7 37. h5 gxh5 38. gxh5 Kd7 39. Ng4 Bb7 40. Nxh6 Ke7 41. Ng4 1-0

[Event "Quebec-ch U12"]
[Site "Montreal"]
[Date "2018.01.13"]
[Round "3"]
[White "Jain, Ankita"]
[Black "Navala, Anthony"]
[Result "0-1"]
[WhiteElo "1264"]
[BlackElo "1379"]
[PlyCount "44"]
[EventDate "2018.01.12"]
[EventType "swiss"]
[EventRounds "5"]
[EventCountry "CAN"]
[SourceTitle "EXT 2022"]
[Source "ChessBase"]
[SourceDate "2021.10.06"]
[SourceVersion "1"]
[SourceVersionDate "2021.10.06"]
[SourceQuality "1"]

1. e4 e6 2. d4 d5 3. Nc3 Nf6 4. Bg5 Be7 5. exd5 exd5 6. g3 h6 7. Bf4 0-0 8. Bg2 Bd6 9. Bd2 Re8+ 10. Nge2 Bg4 11. h3 Bh5 12. g4 Bg6 13. g5 Ne4 14. gxh6 Ng3 15. Rg1 Nf5 16. Kf1 gxh6 17. Bxd5 Kh7 18. Bxb7 Nd7 19. Bxa8 Qxa8 20. Bf4 Qf3 21. Bxd6 Ne3+ 22. Ke1 Nxd1 0-1

[Event "Quebec-ch U12"]
[Site "Montreal"]
[Date "2018.01.12"]
[Round "1"]
[White "Liu, Daniel Orejuela"]
[Black "Navala, Anthony"]
[Result "0-1"]
[WhiteElo "1134"]
[BlackElo "1379"]
[PlyCount "112"]
[EventDate "2018.01.12"]
[EventType "swiss"]
[EventRounds "5"]
[EventCountry "CAN"]
[SourceTitle "EXT 2022"]
[Source "ChessBase"]
[SourceDate "2021.10.06"]
[SourceVersion "1"]
[SourceVersionDate "2021.10.06"]
[SourceQuality "1"]

1. e4 e6 2. d4 d5 3. exd5 exd5 4. Nc3 Nf6 5. Nf3 Bd6 6. Bg5 0-0 7. Be2 Bg4 8. 0-0 h6 9. Bh4 c6 10. h3 Bh5 11. Qd2 Nbd7 12. Rfe1 Qc7 13. Rad1 Bf4 14. Bg3 Bxd2 15. Bxc7 Bxe1 16. Nxe1 Bxe2 17. Nxe2 Rfe8 18. Ng3 Rac8 19. Bf4 Ne4 20. Nf5 Re6 21. Nd3 c5 22. dxc5 Ndxc5 23. Nxc5 Rxc5 24. Be3 Ra5 25. a3 Re5 26. Nd4 a6 27. Nb3 Rb5 28. Rd4 Nc5 29. Nxc5 Rxc5 30. Rg4 Rc6 31. Kh2 f5 32. Rb4 b5 33. c3 Re4 34. Bd4 Rc4 35. Rb3 Re2 36. f3 Rd2 37. Kg3 Rd3 38. Kf4 Rcxd4+ 39. cxd4 Rxb3 40. Kxf5 Rxb2 41. g4 Rb3 42. Ke5 Rxa3 43. Kxd5 Rxf3 44. Kc5 Rxh3 45. d5 Rd3 46. d6 Rxd6 47. Kxd6 b4 48. Kc5 b3 49. Kb6 b2 50. Kxa6 b1Q 51. Ka5 Kf7 52. g5 Ke6 53. gxh6 gxh6 54. Ka4 Kd5 55. Ka3 Kc4 56. Ka4 Qb4# 0-1

[Event "Quebec-ch U10"]
[Site "Montreal"]
[Date "2017.03.05"]
[Round "5"]
[White "Navala, Anthony"]
[Black "Tao, Neilson"]
[Result "1-0"]
[WhiteElo "1086"]
[BlackElo "1045"]
[PlyCount "144"]
[EventDate "2017.03.04"]
[EventType "swiss"]
[EventRounds "5"]
[EventCountry "CAN"]
[SourceTitle "EXT 2022"]
[Source "ChessBase"]
[SourceDate "2021.10.06"]
[SourceVersion "1"]
[SourceVersionDate "2021.10.06"]
[SourceQuality "1"]

1. d4 d5 2. e3 Nf6 3. Bd3 Nc6 4. c3 g6 5. f4 Bg7 6. Nf3 0-0 7. 0-0 Bg4 8. Nbd2 Ne4 9. Nxe4 dxe4 10. Bxe4 f5 11. Bd3 Kh8 12. h3 Bh5 13. Be2 e6 14. Ng5 Bxe2 15. Qxe2 Qe7 16. h4 h6 17. Nh3 Qxh4 18. Rf3 Qe7 19. Bd2 Qd7 20. g3 a6 21. Raf1 b5 22. R1f2 Qd5 23. b3 Qe4 24. Be1 Rab8 25. Rh2 Bf6 26. Nf2 Qd5 27. g4 fxg4 28. Nxg4 h5 29. e4 Qd8 30. Rfh3 Bg7 31. Qg2 Rxf4 32. Bh4 Rxg4 33. Bxd8 Rxg2+ 34. Rxg2 Rxd8 35. Rxg6 Kh7 36. Rxe6 Nb8 37. Rxh5+ Kg8 38. Rg5 Kf7 39. Rgg6 Rg8 40. Kf1 Nd7 41. Rxa6 Nf6 42. Rg5 Nxe4 43. Rxb5 Nxc3 44. Rc5 Rc8 45. Rxc3 Bxd4 46. Rcc6 Ke7 47. Ke2 Kd7 48. Rc1 Re8+ 49. Kd3 Bb6 50. Rd1 Kc6 51. Kc4 Re4+ 52. Kc3 Kb5 53. Ra8 Re3+ 54. Rd3 Re5 55. a4+ Kc6 56. b4 Re1 57. a5 Bf2 58. Kc4 Rc1+ 59. Rc3 Rxc3+ 60. Kxc3 Be1+ 61. Kc4 Kb7 62. Re8 Bh4 63. b5 Bf2 64. a6+ Ka7 65. Re7 Bb6 66. Kd5 Kb8 67. Kc6 Ba5 68. Re8+ Ka7 69. Rc8 Bb6 70. Rxc7+ Ka8 71. Kxb6 Kb8 72. a7+ Ka8 1-0

[Event "Quebec-ch U10"]
[Site "Montreal"]
[Date "2017.03.04"]
[Round "1"]
[White "Navala, Anthony"]
[Black "Markovic, Luka A"]
[Result "1-0"]
[WhiteElo "1086"]
[BlackElo "1157"]
[PlyCount "93"]
[EventDate "2017.03.04"]
[EventType "swiss"]
[EventRounds "5"]
[EventCountry "CAN"]
[SourceTitle "EXT 2022"]
[Source "ChessBase"]
[SourceDate "2021.10.06"]
[SourceVersion "1"]
[SourceVersionDate "2021.10.06"]
[SourceQuality "1"]

1. d4 d5 2. e3 Nf6 3. Bd3 e6 4. c3 Nc6 5. f4 Bd7 6. Nf3 Bd6 7. Nbd2 Qe7 8. h3 h6 9. a3 a6 10. b4 b5 11. 0-0 0-0-0 12. a4 bxa4 13. Rxa4 Rdf8 14. Bxa6+ Kd8 15. Bb7 Nb8 16. Ra8 c6 17. Ne5 Nh5 18. Qa4 f6 19. Qa7 Ke8 20. Rxb8+ Bxb8 21. Qxb8+ Qd8 22. Qxd8+ Kxd8 23. Ng6 Ng3 24. Rf2 Nf5 25. Nxf8 Rxf8 26. Nb3 Bc8 27. Bxc6 g5 28. g4 Ne7 29. Ba8 gxf4 30. exf4 f5 31. gxf5 exf5 32. Nc5 Rg8+ 33. Kf1 Kc7 34. Ra2 Bd7 35. Ra7+ Kb8 36. Rxd7 Kxa8 37. Rxe7 Rb8 38. Ne6 h5 39. Rf7 Rxb4 40. cxb4 h4 41. b5 Kb8 42. b6 Ka8 43. Nc7+ Kb8 44. Na6+ Ka8 45. b7+ Ka7 46. b8Q+ Kxa6 47. Ra7# 1-0

[Event "Quebec op U1200"]
[Site "Montreal"]
[Date "2016.07.24"]
[Round "2.6"]
[White "Navala, Anthony"]
[Black "Poulin, Roxane"]
[Result "1-0"]
[WhiteElo "962"]
[BlackElo "1025"]
[PlyCount "89"]
[EventDate "2016.07.23"]
[EventType "swiss"]
[EventRounds "8"]
[EventCountry "CAN"]
[SourceTitle "EXT 2022"]
[Source "ChessBase"]
[SourceDate "2021.10.06"]
[SourceVersion "1"]
[SourceVersionDate "2021.10.06"]
[SourceQuality "1"]

1. e4 e5 2. Nf3 Nc6 3. Bc4 Nf6 4. Ng5 d5 5. exd5 Na5 6. Be2 Nxd5 7. d3 Be7 8. Qd2 Nc6 9. c4 Nf4 10. g3 Bxg5 11. gxf4 Bxf4 12. Qd1 Nd4 13. Bxf4 exf4 14. Nc3 c6 15. Qd2 f3 16. Bf1 Qe7+ 17. Ne4 Bf5 18. 0-0-0 0-0 19. Re1 b5 20. Qc3 Ne2+ 21. Bxe2 fxe2 22. Rxe2 Bg4 23. Re3 a5 24. Rg1 b4 25. Qd4 Rfd8 26. Nd6 Qxd6 27. Re8+ Rxe8 28. Qxd6 Bf5 29. Qd4 f6 30. Rd1 a4 31. Qc5 b3 32. a3 Re2 33. Rd2 Re1+ 34. Rd1 Rae8 35. Qxf5 h6 36. Rxe1 Rxe1+ 37. Kd2 Re5 38. Qc8+ Kh7 39. Qxc6 Rf5 40. Qe4 g6 41. f3 h5 42. d4 Kh6 43. d5 Re5 44. Qf4+ g5 45. Qxf6+ 1-0